Accidentes de tránsito : sus problemas sociales y jurídicos /
Guardado en:
| Autor Principal: | |
|---|---|
| Formato: | Libro |
| Idioma: | Spanish |
| Publicado: |
Buenos Aires :
EDIAR,
1969
|
| Etiquetas: |
Agregar Etiqueta
Sin Etiquetas, Sea el primero en etiquetar este registro!
|
| LEADER | 00404nam a22001215a 4500 | ||
|---|---|---|---|
| 001 | DER.der000415 | ||
| 008 | 180615s1969####|||||||||||||||||#||spa|| | ||
| 005 | 20230713164929.0 | ||
| 245 | 1 | 0 | |a Accidentes de tránsito : |b sus problemas sociales y jurídicos / |c Ricardo J. De Vertíz |
| 260 | |a Buenos Aires : |b EDIAR, |c 1969 | ||
| 300 | |a 684 p. | ||
| 100 | 1 | |a De Vertíz, Ricardo J. | |
| 859 | |a DERECHO |b BIB. DERECHO |h 344.01 |i VER |p 007649 | ||
